| 000 | 00636nam a2200217Ii 4500 | ||
|---|---|---|---|
| 003 | JO-AjNU | ||
| 008 | 230606s9999||||xx |||||||||||||| ||und|| | ||
| 020 | _a0-412-45320-7 | ||
| 040 |
_aJO-AjNU _beng _erda _cJO-AjNU |
||
| 041 | _aeng | ||
| 050 | 1 | 4 | _aHF5635 .B523 1992 |
| 100 | 3 |
_aBerry,Aidan/ Jarvis,Robin, _eauthor _93387 |
|
| 245 | 0 | 0 | _aAccounting in a Business Context : teacher's Guide |
| 250 | _a1 ed | ||
| 264 | 3 | 1 | _aLondon: Chapman and Hall,1992 |
| 300 | _a113p | ||
| 336 |
_atext _btxt _2rdacontent |
||
| 337 |
_aunmediated _bn _2rdamedia |
||
| 338 |
_avolume _bnc _2rdacarrier |
||
| 650 | 4 |
_aAccounting - Business _93388 |
|
| 999 |
_aE1769 _c1769 _d1769 |
||